[Event "Belgrade-chT Quality"]
[Site "Belgrade"]
[Date "2019.10.30"]
[Round "10.2"]
[White "Davidovic, Milorad"]
[Black "Ristic, Luka"]
[Result "0-1"]
[WhiteElo "1896"]
[BlackElo "2082"]
[PlyCount "71"]
[EventDate "2019.10.05"]
[EventType "team-tourn"]
[EventRounds "11"]
[EventCountry "SRB"]
[SourceTitle "EXT 2022"]
[Source "ChessBase"]
[SourceDate "2021.10.06"]
[SourceVersion "1"]
[SourceVersionDate "2021.10.06"]
[SourceQuality "1"]
[WhiteTeam "Borca"]
[BlackTeam "Polet"]
[WhiteTeamCountry "SRB"]
[BlackTeamCountry "SRB"]

1. e4 g6 2. d4 Bg7 3. Nf3 c6 4. c4 d5 5. e5 Nh6 6. Nc3 0-0 7. cxd5 cxd5 8. Qb3 Nc6 9. Qxd5 Qb6 10. Qb5 Nxd4 11. Qxb6 Nxf3+ 12. gxf3 axb6 13. Nd5 Nf5 14. Nxb6 Ra5 15. f4 Nd4 16. Bd3 Bh3 17. b4 Ra7 18. Bb2 Bg2 19. Bxd4 Bxh1 20. Kd2 Rd8 21. Kc3 Bf3 22. a4 Bh6 23. Nd5 Raa8 24. Nxe7+ Kh8 25. e6+ Bg7 26. Bxg7+ Kxg7 27. f5 Kf6 28. fxg6 Kxe7 29. gxh7 Kxe6 30. Rg1 Bh5 31. a5 Kf6 32. Be4 Bg6 33. Bxb7 Rd3+ 34. Kc4 Rad8 35. f3 R3d4+ 36. Kb3 0-1

[Event "Belgrade-chT"]
[Site "Belgrade"]
[Date "2017.10.22"]
[Round "7.5"]
[White "Davidovic, Milorad"]
[Black "Savkic, Igor"]
[Result "0-1"]
[WhiteElo "1955"]
[BlackElo "2028"]
[PlyCount "36"]
[EventDate "2017.10.01"]
[EventType "team-tourn"]
[EventRounds "11"]
[EventCountry "SRB"]
[SourceTitle "CBM 181 Extra"]
[Source "ChessBase"]
[SourceDate "2017.12.12"]
[SourceVersion "1"]
[SourceVersionDate "2017.12.12"]
[SourceQuality "1"]
[WhiteTeam "Dunavski Venac"]
[BlackTeam "BASK"]
[WhiteTeamCountry "SRB"]
[BlackTeamCountry "SRB"]

1. e4 e5 2. Nf3 d5 3. exd5 e4 4. Qe2 Nf6 5. c4 Be7 6. Nd4 0-0 7. Nc3 c6 8. Nxe4 Nxe4 9. Qxe4 Re8 10. Qd3 cxd5 11. Ne2 Nc6 12. cxd5 Nb4 13. Qc4 Bf5 14. Nd4 Rc8 15. Qb3 Bf6+ 16. Be2 Bxd4 17. Qxb4 Rxe2+ 18. Kxe2 Qe8+ 0-1

[Event "Belgrade-chT"]
[Site "Belgrade"]
[Date "2017.10.01"]
[Round "1.4"]
[White "Davidovic, Milorad"]
[Black "Kuzmanovic, Aleksa"]
[Result "0-1"]
[WhiteElo "1955"]
[BlackElo "2026"]
[PlyCount "88"]
[EventDate "2017.10.01"]
[EventType "team-tourn"]
[EventRounds "11"]
[EventCountry "SRB"]
[SourceTitle "CBM 181 Extra"]
[Source "ChessBase"]
[SourceDate "2017.12.12"]
[SourceVersion "1"]
[SourceVersionDate "2017.12.12"]
[SourceQuality "1"]
[WhiteTeam "Dunavski Venac"]
[BlackTeam "Belgrade CC"]
[WhiteTeamCountry "SRB"]
[BlackTeamCountry "SRB"]

1. e4 c5 2. Nf3 d6 3. Nc3 a6 4. e5 d5 5. d4 Bf5 6. dxc5 e6 7. Be3 Nc6 8. a3 Qc7 9. Nh4 Qxe5 10. Nf3 Qc7 11. b4 Nf6 12. Nh4 Qe5 13. Ne2 Bxc2 14. Qc1 Be4 15. Bf4 Qh5 16. Bg3 Be7 17. Nf4 Qh6 18. f3 Ng4 19. fxe4 Bxh4 20. Bxh4 Qxh4+ 21. g3 Qg5 22. exd5 exd5 23. Bg2 Qe5+ 24. Ne2 Nd4 25. Ra2 0-0 26. Qf4 Qxf4 27. Nxf4 Rfe8+ 28. Kd2 g5 29. Kd3 Nb5 30. Nxd5 Rad8 31. a4 Nc7 32. Kc4 Nxd5 33. b5 axb5+ 34. axb5 Nge3+ 35. Kb3 Nxg2 36. Rxg2 Re3+ 37. Kb2 Nb4 38. h4 g4 39. h5 Nd3+ 40. Kb1 Nxc5 41. Rc2 b6 42. h6 Rb3+ 43. Kc1 Nd3+ 44. Kd2 Nf2+ 0-1